000 01025nam a22002537a 4500
005 20100816121932.0
008 090601t xxu||||| |||| 00| 0 Ur d
010 _aUR-7743
020 _c300.00
035 _aU-6298
040 _adpl
_bUrdu
082 _a841
100 _913525
_aتقی عسکر ولا
245 _aفردوس ولا
_cتقی عسکر ولا
_bمدحیہ قطعات کامجموعہ /
246 _aFirdou-e-vila /
_bby Taqi Askari Wala
260 _aتقی عسکر ولا
_c2008
270 _aTaqi Askari Wala
300 _a160 ص
_b22 س م (Pbk)
700 _913766
710 _aساحل احمد
_913526
942 _2ddc
_cUR
_h841
_mت ق ی
999 _c42102
_d42102